|
|
|
แสดงรายละเอียดบรรณานุกรม |
|
|
Brief Record
: Get Marc (ISO 2709)
: E-mail record
: |
|
|
| LEADER 00000nam 2200000uu 4500 | |||
| 001 13399130675 | |||
| 003 ULIB | |||
| 008 161028s2559||||th 000 0 tha d | |||
| 020 ^a9786164231573 | |||
| 060 4 ^aWA11^bส865ค 2559 | |||
| 082 0 ^a | |||
| 100 0 ^aสุริยะ วงศ์คงคาเทพ | |||
| 245 10 ^aคิดแล้วทำ ทำแล้วคิด 2 /^cสุริยะ วงศ์คงคาเทพ | |||
| 250 ^aพิมพ์ครั้งที่ 1 | |||
| 260 ^aม.ป.ท.:^bม.ป.พ.,^c2559 | |||
| 300 ^a112 หน้า | |||
| 505 0 ^tความคิดนั้นสำคัญไฉน --^tการเรียนรู้สู่หัวใจความเป็นมนุษย์ --^tแผนยุทธศาสตร์ --^tสองปีกับกองทุนโลก --^tทิศทางที่ท้าทายของการพัฒนาการแพทย์แผนไทย | |||
| 650 7 ^aการวางแผนงานสาธารณสุข | |||
| 856 ^zคิดแล้วทำ ทำแล้วคิด 2(10044617).pdf (สารบัญหนังสือ)^uhttp://61.19.69.198/ULIB//_fulltext/Content ::/13399130675/20161123153307_3251.pdf | |||
| 999 ^aสุณิสา สำเร็จดี บรรณารักษ์ | |||
| คุณยังไม่ได้ล็อกอิน คุณสามารถมีกิจกรรมร่วมกับเว็บไซต์ได้ แต่ต้องล็อกอินก่อน :: |
|
| สถานะ | |||||||||
| 1. | หนังสือสำรอง | WA11 ส865ค 2559 ฉ.1 Barcode: 10044617 | ►ชั้นหนังสือเก่าปีพิมพ์เกิน 10 ปี | บนชั้น | |||||
| Note:อภินันทนาการ | |||||||||
| 2. | ตำราวิทยาศาสตร์สุขภาพ | WA11 ส865ค 2559 ฉ.2 Barcode: 10044618 | ►ชั้นหนังสือเก่าปีพิมพ์เกิน 10 ปี | บนชั้น | |||||
| Note:อภินันทนาการ | |||||||||
| 3. | ตำราวิทยาศาสตร์สุขภาพ | WA11 ส865ค 2559 ฉ.3 Barcode: 10044619 | ►ชั้นหนังสือเก่าปีพิมพ์เกิน 10 ปี | บนชั้น | |||||
| Note:อภินันทนาการ | |||||||||
| [แสดง 3/3 รายการ] | |||||||||
| รายการใกล้เคียง ผู้แต่ง [สุริยะ วงศ์คงคาเทพ] |
BibComment |
| คอมเมนท์ทรัพยากรรายการนี้ |
|
|